000 00802nam a2200265Ia 4500
003 OSt
005 20220923220751.0
006 a|||||r|||| 00| 0
007 ta
008 220922b |||||||| |||| 00| 0 hin d
020 _c25
024 _a190,195
037 _cTextual
040 _aARTS
_cARTS
_bhin
041 _2hin
_ahin
082 _aO152,2NME,HT, M3
100 _aमेहता, हरि
245 0 _aहरिजन थी दुल्हन
246 _aHarijan thī dulhana
260 _aदिल्ली
_b साहित्य प्रकाशन
_c1983
300 _a168पृ.
_ccm.
650 _aहिन्दी साहित्य
_9156264
942 _hO152,2NME,HT, M3
_cTEXL
_2CC
999 _c342977
_d342977